| 000 | 01349nam a2200349 i 4500 | ||
|---|---|---|---|
| 001 | 197793 | ||
| 003 | ES-MaACL | ||
| 005 | 20250902063121.0 | ||
| 008 | 250702s2011 sp | |||| 000 0 spa | ||
| 015 | _aMON11 | ||
| 017 |
_aM 19699-2011 _bOficina Depósito Legal Madrid |
||
| 035 | _a(OCoLC)776290473 | ||
| 035 | _a(SpMaBN)a5058898 | ||
| 040 |
_aSpMaBN _bspa _cSpMaBN _erdc |
||
| 080 | _a94(460.12)"1939/75"(0:82) | ||
| 080 | _a821.134.2-31"19" | ||
| 100 | 1 |
_aRodríguez Vallina, Armando, _d1930- _9241732 _eaut |
|
| 245 | 1 | 0 |
_aCárcel o exilio : _bpero volveré / _cArmando Rodríguez Vallina. |
| 260 |
_a[Oviedo] : _bA. Rodríguez, _cD.L. 2011. _e[Rivas-Vaciamadrid] : _fPentacrom. |
||
| 300 |
_a411 páginas ; _c24 cm. |
||
| 336 |
_2rdacontent _atexto |
||
| 337 |
_2rdamedia _asin mediación |
||
| 338 |
_2rdacarrier _avolumen |
||
| 651 | 7 |
_aAsturias (Comunidad Autónoma)- _xHistoria- _y1939-1975 _9168200 |
|
| 655 | 0 |
_9234319 _aNovelas |
|
| 852 |
_aES-MaACL _cDEPOJ _jN-10622 _hDonación: José Lázaro García _xEncuadernación rústica con solapas _9206745 |
||
| 903 |
_9234219 _aLázaro García, José _ednr |
||
| 942 |
_cMONOGRAFIA _n0 |
||
| 999 |
_c197793 _d197793 |
||